| 000 | 00443nam a22001697a 4500 | ||
|---|---|---|---|
| 999 |
_c525268 _d525268 |
||
| 003 | NUST | ||
| 038 | _awaseem | ||
| 082 |
_a297.15 _bKUN |
||
| 100 |
_aKunjai, Sharif _916008 |
||
| 245 |
_aPanjsura Punjabi / _cSharif Kunjai |
||
| 260 |
_aLahore : _bNaqosh Press, _c[s.l]. |
||
| 300 | _a120 p. ; | ||
| 500 | _aHardcover. | ||
| 880 |
_6100-01\r _aشریف کُنجاہی |
||
| 880 |
_6245-02\r _aپنجسورہ پنجابی / |
||
| 942 |
_2ddc _cBK |
||